| 000 | 00597nam a22001935i 4500 | ||
|---|---|---|---|
| 001 | 54128 | ||
| 003 | ES-MaACL | ||
| 005 | 20240518063026.0 | ||
| 007 | t| | ||
| 008 | 960715s1870 fr ||||1| fre d | ||
| 040 |
_aCAM _bspa _cCAM |
||
| 100 | 0 |
_aFéval, Paul, _d1816-1887 _950646 |
|
| 245 | 1 | 0 |
_aMademoiselle Saphir _b: (deuxième partie de l'Avaleur de sabres) / _cpar Paul Féval. |
| 250 | _a2e éd. | ||
| 260 |
_aParis : _bE. Dentu, éditeur, _c1870 ( _fTyp. Arrieu, Lejay et Cie) |
||
| 300 |
_a[4], 358 p. ; _c19 cm. |
||
| 852 |
_aES-MaACL _jD-860 |
||
| 999 |
_c54128 _d54128 |
||